Didáctica de la matemática en la escuela primaria; primera parte /
Guardado en:
| Autor Principal: | |
|---|---|
| Formato: | Libro |
| Publicado: |
Buenos Aires :
Kapelusz,
1974
|
| Materias: | |
| Etiquetas: |
Agregar Etiqueta
Sin Etiquetas, Sea el primero en etiquetar este registro!
|
| LEADER | 01068nam a22002175a 4500 | ||
|---|---|---|---|
| 001 | CEM.cems002278 | ||
| 005 | 20060216000000.0 | ||
| 008 | 130507s1974##################000#0#####d | ||
| 003 | CEMS | ||
| 082 | 0 | 4 | |a 372.7 |
| 100 | 1 | |a Escalona, Francisca de | |
| 245 | 1 | 0 | |a Didáctica de la matemática en la escuela primaria; primera parte / |c Francisca de Escalona |
| 260 | |a Buenos Aires : |b Kapelusz, |c 1974 | ||
| 300 | |a 143 p. | ||
| 505 | 0 | |a 1. La ense¤anza de la matem tica de la escuela primaria. 2. Teor¡a de conjunto en la escuela primaria. 3. Sistema de numerac¡on . 4. Iniciaci¢n al contaje en los primeros grados. 5. Recursos did cticos para ense¤arnumeraci¢n y operaciones aritmeticas. 6. Ense¤anza de la adici¢n y sustracci¢n en la escuela primaria | |
| 653 | |a Didactica de la matematica | ||
| 653 | |a Educacion | ||
| 653 | |a Educacion primaria | ||
| 859 | |a CEMS |b BIB. CEMS - 11 de abril |h 372.7 |i Es14/I |p 8089.80 |t Ej.1 | ||
| 859 | |a CEMS |b BIB. CEMS - 11 de abril |h 372.7 |i Es14/I |p 8090.80 |t Ej.2 | ||
| 859 | |a CEMS |b BIB. CEMS - 11 de abril |h 372.7 |i Es14/I |p 9544.81 |t Ej.3 | ||
